000 02031nam a2200241 a 4500
003 AM-YeHGA
040 _aAM-YeHGA
090 _c502610
001 000618804
005 20250617163011.0
008 081210s1895 ru ac r 000 1 rus d
041 1 _arus
_hdan
100 1 _aАндерсен, Ганс Христиан
_d1805-1875
245 1 0 _aСобрание сочинений :
_bВъ 4-хъ томахъ /
_cГ.Х. Андерсен ; Пер. съ датскаго подлинника А. и П. Ганзенъ ; Съ прилож. 2-хъ портретовъ Андерсена, гравированныхъ на дереве В.В. Матэ.
260 _aС.-Петербургъ :
_bТипо-литографiя и переплетная С.М. Николаева,
_c1895.
300 _aт.
505 1 0 _gТ. 4 (1895, 510 с., 2 л. портр.)
_tСказки моей жизни. Приложенiие къ Сказкѣ моей жизни(1855-1867 г.). Изъ переписки Андерсена съ друзьями и выдающимися современниками. Андерсенъ и семья Коллинъ. Замѣтки для характеристики Андерсена. Библiографическiя свѣдѣнiя. Къ читателямъ.
_gТ. 1, Ч. 1 (1894, 513 с.)
_tПолное собрание сказок, рассказов и повестей.
_gТ. 2, Ч. 2 (1894, 521 с.)
_tПолное собрание сказок, рассказов и повестей.
_gТ. 3 (1894, 518 с.)
_tИмпровизатор; Петька счастливец; Картинки-невидимки; Путевые очерки; Первенец; Дороже жемчуга и злата; Грезы короля; 45 стихотворений в переводах русских поэтов
650 1 4 _aДатская литература - 19 в
700 1 _aГанзен, А
_4trl
700 1 _aГанзен, П
_4trl
700 1 _aМатэ, В.В.
_4art
942 _2udc
_cBK
999 _c499200
_d499200